| 000 | 00637nam a22002057a 4500 | ||
|---|---|---|---|
| 005 | 20140310183644.0 | ||
| 008 | 131221b xxu||||| |||| 00| 0 eng d | ||
| 020 | _a9780071326407 | ||
| 050 |
_aHF 5681.B2 _b.P411 2013 |
||
| 100 | _aPenman, Stephen H. | ||
| 245 |
_aFinancial statement analysis and security valuation / _cStephen H. Penman. |
||
| 250 | _a5th ed. | ||
| 260 |
_aNew York : _bMcGraw-Hill Irwin, _c2013. |
||
| 300 |
_axxvi, 740 p. : _bill. ; _c27 cm. |
||
| 504 | _aIncludes bibliographical references and index. | ||
| 521 | _aBSBA | ||
| 650 | _aFinancial statements. | ||
| 942 |
_2lcc _cBK _kFOR |
||
| 999 |
_c25895 _d25895 |
||